Hoạt động mua bán, sáp nhập và giải thể trong lĩnh vực tài chính ngân hàng Việt Nam : Những vấn đề lý luận và thực tiễn (Sách chuyên khảo)
Tìm hiểu hoạt động mua bán, sáp nhập và giải thể trong lĩnh vực tài chính ngân hàng trên thực tế Việt Nam và quốc tế
Gespeichert in:
| 1. Verfasser: | |
|---|---|
| Format: | Buch |
| Sprache: | Undetermined |
| Veröffentlicht: |
Hà Nội
Lao động - Xã hội
2015
|
| Schlagworte: | |
| Tags: |
Tag hinzufügen
Keine Tags, Fügen Sie den ersten Tag hinzu!
|
| Thư viện lưu trữ: | Trung tâm Học liệu Trường Đại học Cần Thơ |
|---|
| LEADER | 01016nam a2200229Ia 4500 | ||
|---|---|---|---|
| 001 | CTU_202685 | ||
| 008 | 210402s9999 xx 000 0 und d | ||
| 020 | |c 145000 | ||
| 082 | |a 332.1 | ||
| 082 | |b Ch300 | ||
| 100 | |a Nguyễn, Thị Diệu Chi | ||
| 245 | 0 | |a Hoạt động mua bán, sáp nhập và giải thể trong lĩnh vực tài chính ngân hàng Việt Nam : | |
| 245 | 0 | |b Những vấn đề lý luận và thực tiễn (Sách chuyên khảo) | |
| 245 | 0 | |c Nguyễn Thị Diệu Chi | |
| 260 | |a Hà Nội | ||
| 260 | |b Lao động - Xã hội | ||
| 260 | |c 2015 | ||
| 520 | |a Tìm hiểu hoạt động mua bán, sáp nhập và giải thể trong lĩnh vực tài chính ngân hàng trên thực tế Việt Nam và quốc tế | ||
| 650 | |a Ngân hàng và hoạt động ngân hàng,Bank and banking | ||
| 904 | |i Nguyên | ||
| 910 | |a Khoa | ||
| 980 | |a Trung tâm Học liệu Trường Đại học Cần Thơ | ||